000 00761nam a2200205 a 4500
003 0
005 20250513160748.0
008 021114s19uu xx 00 eng d
050 _aPGS TX 945
_b.F477 2002
100 _aFikowoski, Tyler Ross.
245 _aThe perception of the grade six students on the service of the school's canteen /
_cTyler Ross Fikowoski.
260 _aLas PiƱas City, Philippines :
_bSouthville International School and Colleges,
_c2002.
300 _a26 pages :
_billustrations ;
_c28 cm.
504 _aIncludes bibliographical references.
650 _aSchool cafeterias.
650 _aSchool food services.
650 _aElementary school students
_vCustomer satisfaction.
650 _aStudent attitudes.
942 _2lcc
_cPASS
999 _c96620
_d96620